Normal view
MARC view
Entry Personal Name
001 - CONTROL NUMBER
- control field: 48558
003 - CONTROL NUMBER IDENTIFIER
- control field: ARRUPE
005 - DATE AND TIME OF LATEST TRANSACTION
- control field: 20191112114511.0
008 - FIXED-LENGTH DATA ELEMENTS
- fixed length control field: 191112|| aca||aabn | a|a d
040 ## - CATALOGING SOURCE
- Original cataloging agency: ARRUPE
- Transcribing agency: ARRUPE
100 ## - HEADING--PERSONAL NAME
- Personal name: Mathoma, Pandelani.
670 ## - SOURCE DATA FOUND
- Source citation: Work cat.: (ARRUPE)0: Putting people first :, c2000.